El olor de las magnolias ; La libertad, la bicicleta / (Registro nro. 6435)

Detalles MARC
000 -LEADER
fixed length control field 02013nam a22002777a 4500
003 - CONTROL NUMBER IDENTIFIER
control field OSt
005 - DATE AND TIME OF LATEST TRANSACTION
control field 20250505102431.0
008 - FIXED-LENGTH DATA ELEMENTS--GENERAL INFORMATION
fixed length control field 200206s2018 mx ||||er|||| 00| f spa d
020 ## - INTERNATIONAL STANDARD BOOK NUMBER
International Standard Book Number 9786070751097
040 ## - CATALOGING SOURCE
Original cataloging agency CO-JMCR
Transcribing agency CO-JMCR
082 ## - DEWEY DECIMAL CLASSIFICATION NUMBER
Classification number A-N
Item number TAIo
100 1# - MAIN ENTRY--PERSONAL NAME
Personal name Taibo II, Paco Ignacio,
Relator term autor
9 (RLIN) 198
245 13 - TITLE STATEMENT
Title El olor de las magnolias ; La libertad, la bicicleta /
Statement of responsibility, etc. Paco Ignacio Taibo II
250 ## - EDITION STATEMENT
Edition statement Primera edición
260 ## - PUBLICATION, DISTRIBUTION, ETC.
Place of publication, distribution, etc. México :
Name of publisher, distributor, etc. Planeta,
Date of publication, distribution, etc. 2018
300 ## - PHYSICAL DESCRIPTION
Extent 114, 84 páginas ;
Dimensions 21 cm.
500 ## - GENERAL NOTE
General note "¿Qué hacen estos campesinos italianos en Veracruz al final de la dictadura porfirista? ¿Cuál es el pecado de Lucio que lo hace regresar a Nápoles 80 años después'"--Tapa
500 ## - GENERAL NOTE
General note "Un periodista intenta huir de la censura de la dictadura franquista y descubre que el ciclismo profesional es la salida"--Tapa
520 ## - SUMMARY, ETC.
Summary, etc. Libro que reúne dos novelas breves de Paco Ignacio Taibo II, en El olor de las magnolias, un grupo de supuestos campesinos italianos llegan a Veracruz durante la dictadura porfirista. Saben hacer de todo, excepto cultivar la tierra: entre ellos hay cirqueros, filósofos y hasta cazadores de conejos. Poco a poco descubrirán que Las Magnolias no es el paraíso que les prometieron y Lucio, el más joven del grupo, cometerá un pecado que, 80 años después, lo obligará a regresar a su natal Nápoles. La libertad, la bicicleta es una espléndida y personal crónica narrativa sobre la infancia del autor y la figura del Jefe, Paco Ignacio Taibo II, quien intentado huir de la censura franquista en España descubrió en el ciclismo profesional una salida. Alternando la narración con la voz de su propio padre, Paco Ignacio Taibo II nos revela un emotivo relato donde la esperanza puede nacer aun en medio del autoritarismo.
650 14 - SUBJECT ADDED ENTRY--TOPICAL TERM
Topical term or geographic name entry element Novela Mexicana
Chronological subdivision Siglo XX
9 (RLIN) 199
650 14 - SUBJECT ADDED ENTRY--TOPICAL TERM
Topical term or geographic name entry element Literatura Mexicana
Chronological subdivision Siglo XX
9 (RLIN) 200
650 14 - SUBJECT ADDED ENTRY--TOPICAL TERM
Topical term or geographic name entry element Campesinos
General subdivision
9 (RLIN) 201
650 14 - SUBJECT ADDED ENTRY--TOPICAL TERM
Topical term or geographic name entry element Ciclismo
9 (RLIN) 202
650 14 - SUBJECT ADDED ENTRY--TOPICAL TERM
Topical term or geographic name entry element Italianos
9 (RLIN) 203
942 ## - ADDED ENTRY ELEMENTS (KOHA)
Source of classification or shelving scheme Dewey Decimal Classification
Koha item type Books
Existencias
Withdrawn status Lost status Source of classification or shelving scheme Damaged status Not for loan Collection code Home library Current library Shelving location Date acquired Source of acquisition Cost, normal purchase price Total Checkouts Total Renewals Full call number Barcode Date last seen Date last checked out Copy number Price effective from Koha item type
    Dewey Decimal Classification     Fiction Biblioteca Pública José María del Castillo y Rada Biblioteca Pública José María del Castillo y Rada Processing Center 12/19/2019 Donación 0.00 1 2 A-N TAIo 201809671 07/22/2022 06/15/2022 Ej.1 02/06/2020 Books